000 00433nam a2200169Ia 4500
003 GCL
008 140319s9999 xx 000 0 eng d
040 _aGCL /
_cGCL
082 0 4 _a860
_bB R
100 1 _aBECQUER, GUSTAVE
245 1 0 _aRIMAS Y OTROS POEMAS /
_cBECQUER, GUSTAVE
260 _a[S.N] :
_bEL LIBRO DE BOLSILLO ،
_c1987
300 _a126 P
650 0 4 _aLITERATURE
650 0 4 _aSPANISH LITERATURE
942 _2ddc
_cBK
999 _c23635
_d23635